书目信息 |
| 题名: |
玛那英语宣言(1)
|
|
| 作者: | 侯国金 著 | |
| 分册: | ||
| 出版信息: | 武汉 武汉测绘科技大学出版社 1998.12 |
|
| 页数: | 211页 | |
| 开本: | 32开 | |
| 丛书名: | ||
| 单 册: | ||
| 中图分类: | H319.3 | |
| 科图分类: | ||
| 主题词: | 英语 | |
| 电子资源: | ||
| ISBN: | 7-81030-663-4 | |
| 000 | 00543nam0 2200193 45 | |
| 001 | 0009061653 | |
| 005 | 20000906163740.5 | |
| 010 | @a7-81030-663-4@d8.00元 | |
| 100 | @a20000906d1998 km y0chiy0120 ea | |
| 101 | 0 | @achi |
| 105 | @a z 000yy | |
| 200 | 1 | @a玛那英语宣言(1)@AMa Na Ying Yu Xuan Yan(1)@f侯国金著@FHou Guo Jin Zhu |
| 210 | @a武汉@c武汉测绘科技大学出版社@d1998.12 | |
| 215 | @a211页@d32开 | |
| 606 | 0 | @a英语 |
| 690 | @aH319.3@v3 | |
| 701 | 0 | @a侯国金@4著 |
| 801 | @aCN@bPftUser@c20000906 | |
| 905 | @b122955-959@dH319.3@eH345@f5 | |
| 玛那英语宣言(1)/侯国金著.-武汉:武汉测绘科技大学出版社,1998.12 |
| 211页;32开 |
| ISBN 7-81030-663-4:8.00元 |
| ● |
| 相关链接 |
|
|
|
正题名:玛那英语宣言(1)
索取号:H319.3/H345
 
预约/预借
| 序号 | 登录号 | 条形码 | 馆藏地/架位号 | 状态 | 备注 |
| 1 | 122955 | 201229553 | 期刊室512/209语言库 42排3列6层/ [索取号:H319.3/H345] | 在馆 | |
| 2 | 122956 | 201229562 | 语言库209/209语言库 42排3列6层/ [索取号:H319.3/H345] | 在馆 | |
| 3 | 122957 | 201229571 | 语言库209/209语言库 42排3列6层/ [索取号:H319.3/H345] | 在馆 | |
| 4 | 122958 | 201229580 | 期刊室512/209语言库 42排3列6层/ [索取号:H319.3/H345] | 在馆 | |
| 5 | 122959 | 201229599 | 期刊室512/209语言库 42排3列6层/ [索取号:H319.3/H345] | 在馆 |